Представление документа в формате RUSMARC

Поле Инд. ПП Название Значение
Тип записи a
Библиографический уровень a
001 Контрольный номер d80d2f216de7481993b2fe78a7def3c3
005 Дата корректировки 20181120134540.4
100 a Данные общей обработки 20180627 ||| 0rusy0189 ca
101 0_ a Язык текста rus
102 a Страна публикации RU
200 1_ f Первые сведения об ответственности А.Л. Монгуш, И.В. Шалчима
a Заглавие Правовые проблемы наследования по завещанию в российском гражданском праве
210 d Дата издания 2018
461 _0 1 2000
a Закон и право
463 _0 1 2000
a №5
v С. 156-158
1 2101
d 2018
1 0019e3c4cc60f8941ea9d9a6af132952eae
606 a Основная рубрика Гражданское и торговое право
610 0_ a Ключевые слова НАСЛЕДСТВЕННОЕ ПРАВО
700 _1 a Фамилия Монгуш
b Имя А.Л.
701 _1 a Фамилия Шалчима
b Имя И.В.
801 _0 a Страна RU
b Организация РГУП
c Дата составления 20180627
g Правила каталогизации PSBO
801 _1 a Страна RU
b Организация РГУП
c Дата составления 20180627
g Правила каталогизации PSBO
901 t Тип документа b
w Контрольный № источника 9e3c4cc60f8941ea9d9a6af132952eae
905 a Дата ввода 20180627